000 00382nam a2200145 4500
001 131044
003 ES-MaACL
005 20230906193913.0
007 t|
008 070214s1915 sp r ||||1| spa d
100 1 _aRochelt, Oscar.
_998072
245 1 3 _aUn paseo por las Arenas y Algorta /
_cOscar Rochelt.
260 _aBilbao :
_b[s.n.],
_c1915.
852 _aES-MaACL
_jT-1460-F-2
999 _c131044
_d131044